| 000 -CABECERA |
| Longitud fija campo de control |
00840nam a2200205 a 4500 |
| 001 - NÚMERO DE CONTROL |
| Número de control |
5942 |
| 003 - IDENTIFICADOR DEL NÚMERO DE CONTROL |
| Identificador del número de control |
CDMR |
| 005 - FECHA Y HORA DE LA ÚLTIMA TRANSACCIÓN |
| Fecha y hora de la última transacción |
20231023142750.0 |
| 008 - CÓDIGOS DE INFORMACIÓN DE LONGITUD FIJA |
| Códigos de información de longitud fija |
130220s2009||||||||||||||||||||||||||||d |
| 040 ## - FUENTE DE LA CATALOGACIÓN |
| Centro catalogador de origen |
CDMR |
| Lengua de catalogación |
cat |
| Centro transcriptor |
CDMR |
| 100 1# - PUNTO DE ACCESO PRINCIPAL-NOMBRE DE PERSONA |
| Nombre de persona |
Salgado de Dios, Francesc |
| 9 (RLIN) |
2956 |
| 245 13 - MENCIÓN DE TÍTULO |
| Título |
La construcció de la identitat periodística de Manuel Vázquez Montalbán |
| Resto del título |
: de la censura a la transició (1960-1978) [recurs electrònic] / |
| Mención de responsabilidad, etc. |
J. Francesc Salgado de Dios ; director: Jaume Guillamet Lloveras |
| 260 ## - PUBLICACIÓN, DISTRIBUCIÓN, ETC. (PIE DE IMPRENTA) |
| Fecha de publicación, distribución, etc. |
2009 |
| 300 ## - DESCRIPCIÓN FÍSICA |
| Extensión |
1 recurs electrònic (475 p.) |
| 505 ## - NOTA DE CONTENIDO CON FORMATO |
| Nota de contenido con formato |
Tesi doctoral llegida a la Universitat Pompeu Fabra el 2009 |
| 600 1# - PUNTO DE ACCESO ADICIONAL DE MATERIA - NOMBRE DE PERSONA |
| 9 (RLIN) |
766 |
| Nombre de persona |
Vázquez Montalbán, Manuel |
| Subdivisión de materia general (R ) |
Crítica i interpretació |
| 700 1# - PUNTO DE ACCESO ADICIONAL - NOMBRE DE PERSONA |
| 9 (RLIN) |
417 |
| Nombre de persona |
Guillamet, Jaume |
| 856 40 - LOCALIZACIÓN Y ACCESO ELECTRÓNICO |
| Identificador Uniforme del Recurso (URI) |
<a href="http://www.tdx.cat/handle/10803/7261">http://www.tdx.cat/handle/10803/7261</a> |
| Texto del enlace |
Disponible en línia (TDX) |
| 942 ## - ENTRADA DE ELEMENTOS AGREGADOS (KOHA) |
| Koha [por defecto] tipo de item |
Tesines |
| Fuente de clasificaión o esquema |
|